00943cam a22002657a 4500003000500000005001700005008004100022010001000063011001000073020001500083035001000098040000900108100002700117245012800144260008300272300002700355410005900382490004900441650001200490650003100502650001100533700002500544810005900569830004900628CHAP20220817043848.0000817d2000 mx r 00110 eng d a86399 a87371 a9706480811 a97914 cCHAP00aWhite, Jeffrey W.eed.10aDirections in modeling wheat and maize for developing countries :bproceedingsc/ed. by Jeffrey W. White and Peter R. Grace aMéxico, D.F. :bCentro Internacional de Mejoramiento de Maiz y Trigo,c2001. a42 p. :bilus. ; mapas aCentro Internacional de Mejoramiento de Maíz y Trigo 0aGeographic information systems. Series 01-0214aMaíz.14aPaíses subdesarrollados.14aTrigo.0 aGrace, Peter R.eed. aCentro Internacional de Mejoramiento de Maíz y Trigo00aGeographic information systems. Series 01-02